The essentials of political analysis. (5th ed.) (Record no. 62850)

MARC details
000 -LEADER
fixed length control field 00986nam a2200193 a 4500
008 - FIXED-LENGTH DATA ELEMENTS--GENERAL INFORMATION
fixed length control field 180914s2016 ||||||||||||||||| || u
020 ## - INTERNATIONAL STANDARD BOOK NUMBER
International Standard Book Number 9781506305837
050 ## - LIBRARY OF CONGRESS CALL NUMBER
Classification number JA 86 Pol
100 ## - MAIN ENTRY--PERSONAL NAME
Personal name Pollock, Philip H
245 14 - TITLE STATEMENT
Title The essentials of political analysis. (5th ed.)
Statement of responsibility, etc. By Philip H. Pollock
250 ## - EDITION STATEMENT
Edition statement 5th edition
260 ## - PUBLICATION, DISTRIBUTION, ETC.
Place of publication, distribution, etc. Los Angeles
Name of publisher, distributor, etc. SAGE Publications
Date of publication, distribution, etc. 2016
300 ## - PHYSICAL DESCRIPTION
Extent xxii, 255p.: ill.
350 ## -
-- 74.35
650 ## - SUBJECT ADDED ENTRY--TOPICAL TERM
Topical term or geographic name entry element POLITICAL SCIENCE--RESEARCH--METHODOLOGY--TEXTBOOKS
995 ## -
-- ANNEX COLLECTION (Main Library)
-- 748669
-- CBU-MAIN LIBRARY (Kitwe)
-- 74.35
-- JA 86 Pol
-- 3
-- AVAILABLE
-- Sep 20, 2018
-- 748669
-- Annex Low-Usage Collection
995 ## -
-- MAIN LIBRARY OPEN ACCESS
-- 748668
-- CBU-MAIN LIBRARY (Kitwe)
-- 74.35
-- JA 86 Pol
-- 2
-- AVAILABLE
-- Sep 20, 2018
-- 748668
-- Main Library Open Access Collection
995 ## -
-- MAIN LIBRARY OPEN ACCESS
-- 748667
-- CBU-MAIN LIBRARY (Kitwe)
-- 74.35
-- JA 86 Pol
-- 1
-- AVAILABLE
-- Sep 20, 2018
-- 748667
-- Main Library Open Access Collection
999 ## -
-- 62850
-- 62850
Holdings
Withdrawn status Lost status Source of classification or shelving scheme Damaged status Not for loan Permanent Location Current Location Shelving location Date acquired Total Checkouts Full call number Barcode Date last seen Price effective from Koha item type
          CBU-MAIN LIBRARY, KITWE. CBU-MAIN LIBRARY, KITWE.   12/16/2022   JA 86 Pol 748669 12/16/2022 12/16/2022 MONOGRAPH
          CBU-MAIN LIBRARY, KITWE. CBU-MAIN LIBRARY, KITWE.   12/16/2022   JA 86 Pol 748668 12/16/2022 12/16/2022 MONOGRAPH
          CBU-MAIN LIBRARY, KITWE. CBU-MAIN LIBRARY, KITWE.   12/16/2022   JA 86 Pol 748667 12/16/2022 12/16/2022 MONOGRAPH